Associations between heavy drinking and changes in impulsive behavior among adolescent boys
| Authors: | ; ; ; ; ; |
|---|---|
| Format: | Electronic Article |
| Language: | English |
| Published: |
2011
|
| In: |
Alcoholism
Year: 2011, Volume: 35, Issue: 2, Pages: 295-303 |
| Online Access: |
Volltext (kostenfrei) Volltext (lizenzpflichtig) |
| Check availability: | HBZ Gateway |
MARC
| LEADER | 00000caa a22000002c 4500 | ||
|---|---|---|---|
| 001 | 1912464632 | ||
| 003 | DE-627 | ||
| 005 | 20250122054937.0 | ||
| 007 | cr uuu---uuuuu | ||
| 008 | 241217s2011 xx |||||o 00| ||eng c | ||
| 024 | 7 | |a 10.1111/j.1530-0277.2010.01345.x |2 doi | |
| 035 | |a (DE-627)1912464632 | ||
| 035 | |a (DE-599)KXP1912464632 | ||
| 040 | |a DE-627 |b ger |c DE-627 |e rda | ||
| 041 | |a eng | ||
| 084 | |a 2,1 |2 ssgn | ||
| 100 | 1 | |a White, Helene Raskin |d 1949- |e VerfasserIn |0 (DE-588)101966648X |0 (DE-627)690989113 |0 (DE-576)356369757 |4 aut | |
| 109 | |a White, Helene Raskin 1949- |a White, Helene R. 1949- | ||
| 245 | 1 | 0 | |a Associations between heavy drinking and changes in impulsive behavior among adolescent boys |
| 264 | 1 | |c 2011 | |
| 336 | |a Text |b txt |2 rdacontent | ||
| 337 | |a Computermedien |b c |2 rdamedia | ||
| 338 | |a Online-Ressource |b cr |2 rdacarrier | ||
| 700 | 1 | |a Loeber, Rolf |d 1942-2017 |e VerfasserIn |0 (DE-588)1024418804 |0 (DE-627)719842913 |0 (DE-576)16933886X |4 aut | |
| 700 | 1 | |a Mun, Eun Young |d 1970- |e VerfasserIn |0 (DE-588)173870368 |0 (DE-627)674959051 |0 (DE-576)134708997 |4 aut | |
| 700 | 1 | |a Bates, Marsha E. |e VerfasserIn |0 (DE-588)104942199X |0 (DE-627)781922062 |0 (DE-576)403263077 |4 aut | |
| 700 | 1 | |a Crews, Fulton T. |e VerfasserIn |4 aut | |
| 700 | 1 | |a Marmorstein, Naomi R. |e VerfasserIn |4 aut | |
| 773 | 0 | 8 | |i Enthalten in |t Alcoholism |d Oxford [u.a.] : Wiley-Blackwell, 1977 |g 35(2011), 2, Seite 295-303 |h Online-Ressource |w (DE-627)329270001 |w (DE-600)2046886-6 |w (DE-576)094502307 |x 1530-0277 |7 nnas |
| 773 | 1 | 8 | |g volume:35 |g year:2011 |g number:2 |g pages:295-303 |
| 787 | 0 | 8 | |i Forschungsdaten |a Loeber, Rolf |t Pittsburgh Youth Study Youngest Sample (1987 - 2001) (Pittsburgh, Pennsylvania) |d [Erscheinungsort nicht ermittelbar] : [Verlag nicht ermittelbar], 2016 |w (DE-627)1840043474 |
| 787 | 0 | 8 | |i Forschungsdaten |a Loeber, Rolf |t Pittsburgh Youth Study Middle Sample (1987 - 1991) (Pittsburgh, Pennsylvania) |d [Erscheinungsort nicht ermittelbar] : [Verlag nicht ermittelbar], 2016 |w (DE-627)1840043466 |
| 787 | 0 | 8 | |i Forschungsdaten |a Loeber, Rolf |t Pittsburgh Youth Study Oldest Sample (1987 - 2000) (Pittsburgh, Pennsylvania) |d [Erscheinungsort nicht ermittelbar] : [Verlag nicht ermittelbar], 2016 |w (DE-627)1840043458 |
| 856 | |u https://www.ncbi.nlm.nih.gov/pmc/articles/3058919 |x unpaywall |z Vermutlich kostenfreier Zugang |h repository [deprecated] | ||
| 856 | 4 | 0 | |u https://doi.org/10.1111/j.1530-0277.2010.01345.x |x Resolving-System |z kostenfrei |3 Volltext |7 0 |
| 856 | 4 | 0 | |u https://www.ncbi.nlm.nih.gov/pubmed/21073485 |x Verlag |z lizenzpflichtig |3 Volltext |7 1 |
| 935 | |a mkri | ||
| 951 | |a AR | ||
| ELC | |a 1 | ||
| LOK | |0 000 xxxxxcx a22 zn 4500 | ||
| LOK | |0 001 4637430127 | ||
| LOK | |0 003 DE-627 | ||
| LOK | |0 004 1912464632 | ||
| LOK | |0 005 20241217044154 | ||
| LOK | |0 008 241217||||||||||||||||ger||||||| | ||
| LOK | |0 035 |a (DE-2619)ICPSR135047 | ||
| LOK | |0 040 |a DE-2619 |c DE-627 |d DE-2619 | ||
| LOK | |0 092 |o n | ||
| LOK | |0 852 |a DE-2619 | ||
| LOK | |0 852 1 |9 00 | ||
| LOK | |0 935 |a nacp | ||
| LOK | |0 939 |a 17-12-24 |b l01 | ||
| OAS | |a 1 | ||
| ORI | |a SA-MARC-krimdoka001.raw | ||
